[Event "San Cristobal de La Laguna op 1st"]
[Site "San Cristobal de La Laguna"]
[Date "2018.09.03"]
[Round "5"]
[White "Alonso Contreras, Mario Elias"]
[Black "Molina Rodriguez, Borja"]
[Result "1/2-1/2"]
[WhiteElo "1865"]
[BlackElo "2144"]
[PlyCount "60"]
[EventDate "2018.08.31"]
[EventType "swiss"]
[EventRounds "9"]
[EventCountry "ESP"]
[SourceTitle "CBM 186 Extra"]
[Source "ChessBase"]
[SourceDate "2018.08.24"]
[SourceVersion "1"]
[SourceVersionDate "2018.08.24"]
[SourceQuality "1"]

1. Nf3 Nf6 2. g3 b6 3. Bg2 Bb7 4. c4 e6 5. 0-0 Be7 6. b3 0-0 7. Bb2 c5 8. d4 d5 9. Nbd2 Nc6 10. e3 Rc8 11. Ne5 Bd6 12. Nxc6 Bxc6 13. Rc1 Qe7 14. Qe2 Rfd8 15. Rfd1 cxd4 16. Bxd4 e5 17. Bb2 Ba3 18. Bxa3 Qxa3 19. cxd5 Bxd5 20. Rxc8 Rxc8 21. Bxd5 Nxd5 22. Nc4 Qc5 23. Qd3 Nb4 24. Qd8+ Rxd8 25. Rxd8+ Qf8 26. Rxf8+ Kxf8 27. a3 Nc6 28. Kf1 Ke7 29. Ke2 Ke6 30. Kd3 h5 1/2-1/2

[Event "Canarias-ch"]
[Site "Santa Cruz de Tenerife"]
[Date "2018.05.10"]
[Round "1"]
[White "Martinez Rojas, Carlos Jose"]
[Black "Alonso Contreras, Mario Elias"]
[Result "1/2-1/2"]
[WhiteElo "2027"]
[BlackElo "1871"]
[PlyCount "146"]
[EventDate "2018.05.10"]
[EventType "swiss"]
[EventRounds "6"]
[EventCountry "ESP"]
[SourceTitle "EXT 2022"]
[Source "ChessBase"]
[SourceDate "2021.10.06"]
[SourceVersion "1"]
[SourceVersionDate "2021.10.06"]
[SourceQuality "1"]

1. e4 e5 2. Nc3 Nf6 3. Nf3 Bb4 4. Bc4 0-0 5. Nxe5 Qe7 6. Nf3 Bxc3 7. dxc3 Qxe4+ 8. Be2 Re8 9. Be3 Ng4 10. Qd3 Nxe3 11. fxe3 Qxe3 12. Qxe3 Rxe3 13. Kd2 Re8 14. Bb5 Nc6 15. Rae1 Rxe1 16. Rxe1 Kf8 17. Ng5 h6 18. Nh7+ Kg8 19. Bd3 f6 20. Re8+ Kf7 21. Rf8+ Ke7 22. Rg8 g5 23. Rg7+ Ke6 24. Rg6 d5 25. Nxf6 Ne5 26. Rxh6 Nf7 27. Rg6 Ne5 28. Rh6 Nf7 29. Rg6 Ne5 30. Ne8+ Nxg6 31. Nxc7+ Kd6 32. Nxa8 Nf4 33. g3 Nxd3 34. cxd3 g4 35. Ke3 b5 36. Kf4 Bd7 37. d4 Bc8 38. b3 Kc6 39. Ke5 Bb7 40. Kf4 Bc8 41. Ke5 Bb7 42. Kf5 Bc8+ 43. Kf4 Kb7 44. Ke5 Kc6 45. a3 Bb7 46. Kf6 Bxa8 47. Kf5 a5 48. Kxg4 Kd6 49. Kf5 Bc6 50. h4 Bd7+ 51. Kf4 Ke6 52. h5 Kf6 53. g4 Be8 54. b4 a4 55. g5+ Ke6 56. Kg4 Bd7 57. h6 Kf7+ 58. Kf4 Bh3 59. h7 Kg7 60. g6 Bg2 61. Ke5 Be4 62. Kd6 Bxg6 63. Kxd5 Bxh7 64. Kc5 Bd3 65. d5 Kf7 66. Kc6 Ke8 67. Kc7 Bf5 68. d6 Bd7 69. Kb6 Kf7 70. Kc5 Ke6 71. c4 bxc4 72. Kxc4 Kxd6 73. b5 Kc7 1/2-1/2

[Event "Santa Cruz de Tenerife op 28th"]
[Site "Santa Cruz de Tenerife"]
[Date "2017.12.27"]
[Round "8"]
[White "Alonso Contreras, Mario Elias"]
[Black "Alvarez Alonso, Alberto"]
[Result "1/2-1/2"]
[WhiteElo "1860"]
[BlackElo "2022"]
[PlyCount "105"]
[EventDate "2017.12.15"]
[EventType "swiss"]
[EventRounds "9"]
[EventCountry "ESP"]
[SourceTitle "CBM 182 Extra"]
[Source "ChessBase"]
[SourceDate "2018.02.23"]
[SourceVersion "1"]
[SourceVersionDate "2018.02.23"]
[SourceQuality "1"]

1. Nf3 Nf6 2. g3 g6 3. Bg2 Bg7 4. 0-0 0-0 5. d4 d6 6. b3 Nbd7 7. Bb2 c5 8. dxc5 Nxc5 9. Nbd2 Qc7 10. c4 Bd7 11. Ne1 Bc6 12. Qc2 Ne8 13. Bxg7 Nxg7 14. Nd3 Bxg2 15. Kxg2 e5 16. Nxc5 Qxc5 17. Qd3 Qc6+ 18. Qd5 Qxd5+ 19. cxd5 Rfc8 20. Rac1 Ne8 21. e4 Kf8 22. Nc4 Rc7 23. Na3 Rac8 24. Rxc7 Rxc7 25. f3 a6 26. Rf2 b5 27. Rc2 Ke7 28. Kf2 Kd7 29. Ke3 f5 30. Rxc7+ Kxc7 31. Nc2 a5 32. a3 Nf6 33. h3 Nh5 34. Kf2 Nf6 35. Ke3 fxe4 36. fxe4 Nd7 37. b4 a4 38. Kd3 Nf6 39. Ke3 Nd7 40. Kd3 Nf6 41. Ne3 Nh5 42. Nf1 Nf6 43. Ke3 Nd7 44. Nd2 Nb6 45. Kf3 Kd8 46. Ke3 Ke7 47. Kf3 Kf6 48. Ke3 h5 49. Kf3 Kg5 50. Ke3 Kf6 51. Kf3 Kg5 52. Ke3 Kf6 53. Kf3 1/2-1/2

[Event "Tenerife Navidad op 24th"]
[Site "Tenerife"]
[Date "2013.12.18"]
[Round "4"]
[White "Alonso Contreras, Mario Elias"]
[Black "Rodriguez Redondo, Ethan"]
[Result "1-0"]
[WhiteElo "1905"]
[BlackElo "1619"]
[PlyCount "57"]
[EventDate "2013.12.13"]
[EventType "swiss"]
[EventRounds "9"]
[EventCountry "ESP"]
[SourceTitle "CBM 158 Extra"]
[Source "ChessBase"]
[SourceDate "2014.02.28"]
[SourceVersion "1"]
[SourceVersionDate "2014.02.28"]
[SourceQuality "1"]

1. Nf3 Nf6 2. g3 g6 3. Bg2 Bg7 4. c4 0-0 5. 0-0 d5 6. cxd5 Nxd5 7. Nc3 c6 8. a3 Nd7 9. Qc2 e5 10. d3 Re8 11. Bg5 N7f6 12. Rac1 h6 13. Bd2 g5 14. b4 Bg4 15. h3 Bh5 16. Ne4 Nd7 17. Nd6 Re6 18. Nxb7 Qe7 19. Nc5 Nxc5 20. Qxc5 Qxc5 21. Rxc5 f5 22. Nxg5 hxg5 23. Rxc6 Rxc6 24. Bxd5+ Kh7 25. Bxc6 Rc8 26. Bd7 Rc2 27. Bxf5+ Kg8 28. Bxg5 Bxe2 29. Rc1 1-0

[Event "Tenerife Navidad op 24th"]
[Site "Tenerife"]
[Date "2013.12.13"]
[Round "1"]
[White "Galvez Exposito, Vicente"]
[Black "Alonso Contreras, Mario Elias"]
[Result "0-1"]
[WhiteElo "1597"]
[BlackElo "1905"]
[PlyCount "42"]
[EventDate "2013.12.13"]
[EventType "swiss"]
[EventRounds "9"]
[EventCountry "ESP"]
[SourceTitle "CBM 158 Extra"]
[Source "ChessBase"]
[SourceDate "2014.02.28"]
[SourceVersion "1"]
[SourceVersionDate "2014.02.28"]
[SourceQuality "1"]

1. e4 c5 2. Nf3 Nc6 3. d4 cxd4 4. Nxd4 Nf6 5. Nc3 e6 6. Be3 Bb4 7. f3 d5 8. Qd2 dxe4 9. 0-0-0 0-0 10. Bc4 Ne5 11. Qe2 Qc7 12. Bb3 Bxc3 13. bxc3 Qxc3 14. Kb1 Nd5 15. Bxd5 exd5 16. Nb3 Qc4 17. Qf2 Bf5 18. Rd4 Qc6 19. Qg3 exf3 20. Qxe5 Qxc2+ 21. Ka1 Qc3# 0-1

[Event "La Laguna op"]
[Site "La Laguna"]
[Date "2013.10.30"]
[Round "6"]
[White "Cordero Alamo, Ramon"]
[Black "Alonso Contreras, Mario Elias"]
[Result "0-1"]
[WhiteElo "1548"]
[BlackElo "1934"]
[PlyCount "76"]
[EventDate "2013.10.21"]
[EventType "swiss"]
[EventRounds "7"]
[EventCountry "ESP"]
[SourceTitle "EXT 2014"]
[Source "ChessBase"]
[SourceDate "2013.11.20"]
[SourceVersion "1"]
[SourceVersionDate "2013.11.20"]
[SourceQuality "1"]

1. c4 Nf6 2. Nc3 c5 3. g3 Nc6 4. Bg2 g6 5. Nf3 d6 6. 0-0 Bg7 7. d4 cxd4 8. Nxd4 Bd7 9. Nf3 0-0 10. Bd2 Rc8 11. Qc1 Na5 12. b3 d5 13. Bh6 dxc4 14. Bxg7 Kxg7 15. b4 Nc6 16. a3 a6 17. Rd1 Qc7 18. Qb2 Kg8 19. Rd2 Rfd8 20. Rad1 b5 21. Ng5 Bf5 22. Rxd8+ Rxd8 23. Rxd8+ Nxd8 24. e4 Bg4 25. h3 Bc8 26. Qd2 Ne6 27. Nf3 Bb7 28. e5 Ne4 29. Nxe4 Bxe4 30. Qe3 c3 31. Qc1 Bxf3 32. Bxf3 Qxe5 33. Kf1 Ng5 34. Kg2 Nxf3 35. Kxf3 Qf5+ 36. Kg2 Qe4+ 37. f3 Qe2+ 38. Kg1 c2 0-1

[Event "Tenerife op 22nd"]
[Site "Santa Cruz de Tenerife"]
[Date "2011.12.29"]
[Round "9"]
[White "Septien Lopez, Valeriano"]
[Black "Alonso Contreras, Mario Elias"]
[Result "1/2-1/2"]
[WhiteElo "1827"]
[BlackElo "1955"]
[PlyCount "24"]
[EventDate "2011.12.18"]
[EventType "swiss"]
[EventRounds "9"]
[EventCountry "ESP"]
[SourceTitle "CBM 146 Extra"]
[Source "ChessBase"]
[SourceDate "2012.02.29"]
[SourceVersion "1"]
[SourceVersionDate "2012.02.29"]
[SourceQuality "1"]

1. e4 c5 2. Nf3 Nc6 3. Nc3 e6 4. d4 cxd4 5. Nxd4 Nf6 6. Be2 Bb4 7. 0-0 Bxc3 8. bxc3 Nxe4 9. Qd3 d5 10. Ba3 Qa5 11. Nb5 a6 12. Nd6+ Nxd6 1/2-1/2

[Event "Gran Canaria Cuadrangular 3rd"]
[Site "Gran Canaria"]
[Date "2010.12.11"]
[Round "2.5"]
[White "Suarez Fleitas, Alberto"]
[Black "Alonso Contreras, Mario Elias"]
[Result "0-1"]
[WhiteElo "1479"]
[BlackElo "1977"]
[PlyCount "32"]
[EventDate "2010.12.10"]
[EventType "swiss"]
[EventRounds "3"]
[EventCountry "ESP"]
[SourceTitle "EXT 2024"]
[Source "ChessBase"]
[SourceDate "2023.10.10"]
[SourceVersion "1"]
[SourceVersionDate "2023.10.10"]
[SourceQuality "1"]
[WhiteTeam "Maspalomas"]
[BlackTeam "Laguna Cotelec"]
[WhiteTeamCountry "ESP"]
[BlackTeamCountry "ESP"]

1. e4 c5 2. Nf3 Nc6 3. d4 cxd4 4. Nxd4 Nf6 5. Nc3 e5 6. Nf3 Bb4 7. Bd2 Bxc3 8. Bxc3 Nxe4 9. Bxe5 Nxe5 10. Qe2 Qa5+ 11. Kd1 Qd5+ 12. Ke1 0-0 13. Rd1 Qa5+ 14. c3 Nxf3+ 15. Qxf3 Nf6 16. Bc4 d5 0-1

[Event "ESP-ch"]
[Site "El Sauzal"]
[Date "2010.09.12"]
[Round "9"]
[White "Alonso Contreras, Mario Elias"]
[Black "Padilla Mendez, Vicente"]
[Result "1-0"]
[WhiteElo "1980"]
[BlackElo "1792"]
[PlyCount "77"]
[EventDate "2010.09.04"]
[EventType "swiss"]
[EventRounds "9"]
[EventCountry "ESP"]
[SourceTitle "CBM 138 Extra"]
[Source "ChessBase"]
[SourceDate "2010.10.29"]
[SourceVersion "1"]
[SourceVersionDate "2010.10.29"]
[SourceQuality "1"]

1. e4 c5 2. Nf3 Nc6 3. d4 cxd4 4. Nxd4 e6 5. Nc3 a6 6. Be2 Nf6 7. 0-0 Qc7 8. Be3 Be7 9. Nb3 0-0 10. f4 d6 11. a4 b6 12. Bf3 Bb7 13. g4 Nd7 14. g5 Nc5 15. Bg2 Rad8 16. Qh5 Nb4 17. Rf2 Nxc2 18. Rxc2 Nxb3 19. Rf1 Nc5 20. Rf3 g6 21. Qh6 f5 22. Rh3 Rf7 23. Nd5 exd5 24. exf5 Bf8 25. Qh4 Rxf5 26. b4 Qe7 27. Bd4 Ne4 28. Bxe4 dxe4 29. Bf6 Rxf6 30. gxf6 Qf7 31. f5 h6 32. fxg6 Qe6 33. g7 Bxg7 34. fxg7 Rd7 35. Rg3 e3 36. Qc4 d5 37. Qc8+ Bxc8 38. Rxc8+ Kh7 39. Rh8# 1-0

[Event "ESP-ch"]
[Site "El Sauzal"]
[Date "2010.09.10"]
[Round "7"]
[White "Alonso Contreras, Mario Elias"]
[Black "Gutierrez Olivares, Daniel"]
[Result "0-1"]
[WhiteElo "1980"]
[BlackElo "2175"]
[PlyCount "118"]
[EventDate "2010.09.04"]
[EventType "swiss"]
[EventRounds "9"]
[EventCountry "ESP"]
[SourceTitle "CBM 138 Extra"]
[Source "ChessBase"]
[SourceDate "2010.10.29"]
[SourceVersion "1"]
[SourceVersionDate "2010.10.29"]
[SourceQuality "1"]

1. e4 e6 2. d4 d5 3. Nc3 Nf6 4. exd5 exd5 5. Bd3 c6 6. Nge2 Bd6 7. Bf4 Bxf4 8. Nxf4 Qb6 9. 0-0 Qxd4 10. Re1+ Kd8 11. Qf3 Bg4 12. Qg3 h5 13. Nfe2 Bxe2 14. Qd6+ Nfd7 15. Rxe2 Qf6 16. Qb4 Kc7 17. Re7 a5 18. Qa3 Na6 19. Bxa6 Rxa6 20. Rae1 h4 21. h3 Rh5 22. Qb3 b5 23. Na4 Ra7 24. Nc5 Kd6 25. R1e6+ fxe6 26. Rxe6+ Kxc5 27. Rxf6 Nxf6 28. a4 b4 29. c3 Rb7 30. cxb4+ Rxb4 31. Qe3+ Kd6 32. Qa7 Rg5 33. Qxa5 Rxb2 34. Qd8+ Kc5 35. Qe7+ Kc4 36. Qd6 Ne4 37. Qxc6+ Kd4 38. a5 Rxf2 39. Qa4+ Ke3 40. Qa3+ Kf4 41. Qf8+ Rf5 42. Qb8+ Kg5 43. Qh8 Rf1+ 44. Kh2 g6 45. Qd8+ Nf6 46. Qe7 d4 47. Qe2 R1f2 48. Qe1 Ra2 49. Qc1+ Rf4 50. Qc5+ Kh6 51. Qf8+ Kh5 52. Qh8+ Kg5 53. Qd8 Ra1 54. Qb6 Rff1 55. Qc5+ Kh6 56. Qf8+ Kh5 57. g4+ hxg3+ 58. Kg2 Rf2+ 59. Kxg3 Ne4# 0-1

[Event "ESP-ch"]
[Site "El Sauzal"]
[Date "2010.09.08"]
[Round "5"]
[White "Alonso Contreras, Mario Elias"]
[Black "Aranaz Murillo, Amalia"]
[Result "0-1"]
[WhiteElo "1980"]
[BlackElo "2154"]
[PlyCount "52"]
[EventDate "2010.09.04"]
[EventType "swiss"]
[EventRounds "9"]
[EventCountry "ESP"]
[SourceTitle "CBM 138 Extra"]
[Source "ChessBase"]
[SourceDate "2010.10.29"]
[SourceVersion "1"]
[SourceVersionDate "2010.10.29"]
[SourceQuality "1"]

1. e4 c6 2. d4 d5 3. exd5 cxd5 4. c4 Nf6 5. Nc3 e6 6. Nf3 Bb4 7. Bd2 Nc6 8. a3 Be7 9. c5 Ne4 10. Bd3 f5 11. b4 Bf6 12. Ne2 0-0 13. 0-0 Kh8 14. Bf4 g5 15. Be5 g4 16. Bxf6+ Qxf6 17. Bxe4 dxe4 18. Ne1 Rd8 19. Nc2 Nxd4 20. Nexd4 e5 21. f3 exf3 22. gxf3 gxf3 23. Qxf3 exd4 24. Rad1 Be6 25. Qf4 Rg8+ 26. Kf2 Rg4 0-1

[Event "La Laguna op 4th"]
[Site "La Laguna"]
[Date "2010.04.10"]
[Round "7"]
[White "Alonso Contreras, Mario Elias"]
[Black "Rodriguez Lapetra, Pablo"]
[Result "1/2-1/2"]
[WhiteElo "1978"]
[BlackElo "2105"]
[PlyCount "79"]
[EventDate "2010.04.05"]
[EventType "swiss"]
[EventRounds "9"]
[EventCountry "ESP"]
[SourceTitle "CBM 135 Extra"]
[Source "ChessBase"]
[SourceDate "2010.05.04"]
[SourceVersion "1"]
[SourceVersionDate "2010.05.04"]
[SourceQuality "1"]

1. e4 c5 2. Nf3 Nc6 3. d4 cxd4 4. Nxd4 Nf6 5. Nc3 e5 6. Ndb5 d6 7. Bg5 a6 8. Na3 b5 9. Nd5 Be7 10. Bxf6 Bxf6 11. c3 Bg5 12. Be2 0-0 13. Nc2 Be6 14. Bg4 Ne7 15. Ncb4 a5 16. Nxe7+ Qxe7 17. Nd5 Qb7 18. 0-0 f5 19. Bf3 Bxd5 20. Qxd5+ Qxd5 21. exd5 Rfc8 22. a4 Rc5 23. axb5 Rxb5 24. b4 Bd2 25. Be2 Rbb8 26. Rxa5 Bxc3 27. Rxa8 Rxa8 28. Rb1 Ra2 29. Kf1 Bd4 30. b5 Bb6 31. g3 g5 32. Rc1 Rb2 33. Rc6 Bc5 34. b6 Bxb6 35. Rxd6 f4 36. gxf4 gxf4 37. f3 Kf7 38. Rh6 Kg7 39. Re6 Bd4 40. h4 1/2-1/2

[Event "La Laguna op 2nd"]
[Site "La Laguna"]
[Date "2008.04.22"]
[Round "2"]
[White "Alonso Contreras, Mario Elias"]
[Black "Barlov, Dragan"]
[Result "0-1"]
[WhiteElo "2032"]
[BlackElo "2475"]
[PlyCount "56"]
[EventDate "2008.04.21"]
[EventType "swiss"]
[EventRounds "9"]
[EventCountry "ESP"]
[SourceTitle "CBM 123 Extra"]
[Source "ChessBase"]
[SourceDate "2008.05.06"]
[SourceVersion "1"]
[SourceVersionDate "2008.05.06"]
[SourceQuality "1"]

1. e4 c5 2. Nf3 e6 3. d4 cxd4 4. Nxd4 a6 5. Nc3 Qc7 6. Be2 Nc6 7. 0-0 Nf6 8. Be3 d6 9. a4 Be7 10. Kh1 0-0 11. f4 Bd7 12. Nb3 b6 13. Bf3 Rab8 14. g4 Bc8 15. g5 Nd7 16. Bg2 Re8 17. Qh5 g6 18. Qh3 Nb4 19. Rf2 Bf8 20. Rd1 Nc5 21. f5 exf5 22. Rd4 f4 23. Qh4 fxe3 24. Rxb4 Be6 25. Rf3 Nxb3 26. cxb3 Bg7 27. Rxe3 Qc5 28. Rh3 Bxh3 0-1

[Event "La Laguna op 1st"]
[Site "La Laguna"]
[Date "2007.03.10"]
[Round "7"]
[White "Alonso Contreras, Mario Elias"]
[Black "Trujillo Delgado, Dafnae Lorena"]
[Result "1/2-1/2"]
[WhiteElo "2046"]
[BlackElo "2225"]
[PlyCount "79"]
[EventDate "2007.03.05"]
[EventType "swiss"]
[EventRounds "9"]
[EventCountry "ESP"]
[SourceTitle "CBM 117 Extra"]
[Source "ChessBase"]
[SourceDate "2007.05.09"]
[SourceVersion "1"]
[SourceVersionDate "2007.05.09"]
[SourceQuality "1"]

1. Nf3 c5 2. c4 Nc6 3. Nc3 g6 4. g3 Bg7 5. Bg2 e5 6. 0-0 Nge7 7. Ne1 0-0 8. d3 a6 9. Nc2 Rb8 10. a4 d6 11. Ne3 Nb4 12. Nc2 Nxc2 13. Qxc2 Be6 14. Bd2 Qd7 15. Ne4 h6 16. Bxh6 Bh3 17. Qd2 f6 18. Bxg7 Kxg7 19. f4 Bxg2 20. Kxg2 Rh8 21. e3 Qh3+ 22. Kg1 Nf5 23. Rae1 b5 24. fxe5 dxe5 25. b3 bxc4 26. bxc4 Rb4 27. Qg2 Qxg2+ 28. Kxg2 Rxa4 29. Rf2 Ra5 30. g4 Nh4+ 31. Kg3 f5 32. Nd6 Ra3 33. gxf5 gxf5 34. Nxf5+ Nxf5+ 35. Rxf5 Re8 36. Kf3 Rxd3 37. Rg1+ Kh6 38. Ke4 Rc3 39. Rf6+ Kh7 40. Rxa6 1/2-1/2

[Event "La Laguna op 1st"]
[Site "La Laguna"]
[Date "2007.03.09"]
[Round "6"]
[White "Perez Celis, Alba"]
[Black "Alonso Contreras, Mario Elias"]
[Result "0-1"]
[WhiteElo "1752"]
[BlackElo "2046"]
[PlyCount "50"]
[EventDate "2007.03.05"]
[EventType "swiss"]
[EventRounds "9"]
[EventCountry "ESP"]
[SourceTitle "CBM 117 Extra"]
[Source "ChessBase"]
[SourceDate "2007.05.09"]
[SourceVersion "1"]
[SourceVersionDate "2007.05.09"]
[SourceQuality "1"]

1. e4 c5 2. Nc3 Nc6 3. g3 g6 4. Bg2 Bg7 5. Nge2 e6 6. d3 Nge7 7. Bg5 0-0 8. 0-0 h6 9. Be3 d6 10. Qd2 Kh7 11. d4 b6 12. Rad1 Ba6 13. Rfe1 Qc8 14. Qc1 Qc7 15. d5 exd5 16. Nxd5 Nxd5 17. Rxd5 Nb4 18. Rdd1 Nxa2 19. Qb1 Nb4 20. e5 dxe5 21. Bxa8 Rxa8 22. f4 Bb7 23. fxe5 Qc6 24. Nf4 Qh1+ 25. Kf2 Qf3+ 0-1

[Event "La Laguna op 1st"]
[Site "La Laguna"]
[Date "2007.03.05"]
[Round "1"]
[White "Cabrera Trujillo, Jorge Juan"]
[Black "Alonso Contreras, Mario Elias"]
[Result "1-0"]
[WhiteElo "2279"]
[BlackElo "2046"]
[PlyCount "97"]
[EventDate "2007.03.05"]
[EventType "swiss"]
[EventRounds "9"]
[EventCountry "ESP"]
[SourceTitle "CBM 117 Extra"]
[Source "ChessBase"]
[SourceDate "2007.05.09"]
[SourceVersion "1"]
[SourceVersionDate "2007.05.09"]
[SourceQuality "1"]

1. e4 c5 2. Nf3 Nc6 3. Nc3 e6 4. d4 cxd4 5. Nxd4 Nf6 6. Ndb5 d6 7. Bf4 e5 8. Bg5 a6 9. Na3 b5 10. Bxf6 gxf6 11. Nd5 Bg7 12. c3 f5 13. exf5 Bxf5 14. Nc2 0-0 15. Nce3 Be6 16. Bd3 f5 17. 0-0 Kh8 18. Qh5 Qd7 19. Nb6 Qe8 20. Qxe8 Raxe8 21. f4 e4 22. Be2 b4 23. Nbd5 a5 24. Nc7 bxc3 25. Nxe8 Bd4 26. Kf2 cxb2 27. Rad1 Rxe8 28. Bb5 Rc8 29. Bxc6 Bxe3+ 30. Kxe3 Rxc6 31. Rb1 Rc2 32. Rf2 Rc3+ 33. Kd2 e3+ 34. Kxc3 exf2 35. Rf1 Bxa2 36. Kxb2 Bc4 37. Rxf2 a4 38. Rd2 d5 39. Ka3 Bb3 40. Rd4 Kg7 41. Rb4 Kg6 42. g3 Kf6 43. Rb6+ Kf7 44. Kb4 Bc2 45. Kc5 Bb3 46. Ra6 Kg7 47. Kd4 Kf7 48. Ke5 Kg7 49. Kxf5 1-0

[Event "Tenerife-chT"]
[Site "Tenerife"]
[Date "2006.02.04"]
[Round "2"]
[White "Alonso Contreras, Mario Elias"]
[Black "Fernandez Manrique, Agustin"]
[Result "1/2-1/2"]
[WhiteElo "2059"]
[BlackElo "2156"]
[PlyCount "35"]
[EventDate "2006.01.28"]
[EventType "team"]
[EventRounds "14"]
[EventCountry "ESP"]
[SourceTitle "EXT 2007"]
[Source "ChessBase"]
[SourceDate "2006.11.23"]
[SourceVersion "1"]
[SourceVersionDate "2006.11.23"]
[SourceQuality "1"]

1. e4 e6 2. d4 d5 3. exd5 exd5 4. Bd3 Nc6 5. c3 Bd6 6. Ne2 Qh4 7. Nd2 Bg4 8. Nf1 Nge7 9. Ne3 Be6 10. g3 Qh5 11. Nf4 Qxd1+ 12. Nxd1 Bg4 13. Be2 Bxe2 14. Nxe2 Kd7 15. Bf4 Nf5 16. Ne3 Nxe3 17. Bxe3 Rae8 18. Kd2 1/2-1/2

[Event "Tenerife-chT"]
[Site "Tenerife"]
[Date "2005.01.22"]
[Round "2"]
[White "Cabrera Trujillo, Jorge Juan"]
[Black "Alonso Contreras, Mario Elias"]
[Result "0-1"]
[WhiteElo "2021"]
[BlackElo "2003"]
[PlyCount "114"]
[EventDate "2005.01.15"]
[EventType "team"]
[EventRounds "12"]
[EventCountry "ESP"]
[SourceTitle "EXT 2006"]
[Source "ChessBase"]
[SourceDate "2005.11.24"]
[SourceVersion "1"]
[SourceVersionDate "2005.11.24"]
[SourceQuality "1"]

1. e4 c5 2. Nf3 Nc6 3. d4 cxd4 4. Nxd4 Nf6 5. Nc3 e6 6. Nxc6 bxc6 7. e5 Nd5 8. Ne4 Qc7 9. f4 Qb6 10. Qd3 f5 11. exf6 Nxf6 12. Be3 Qb4+ 13. Nd2 Nd5 14. a3 Qxb2 15. Bd4 Qb8 16. g3 c5 17. Rb1 Qc7 18. Ba1 Bb7 19. Ne4 0-0-0 20. Rg1 Nb6 21. Bh3 h6 22. Rd1 Qc6 23. Bg2 d5 24. Nd2 c4 25. Qe2 Bc5 26. Rf1 Bxa3 27. Bxg7 Rh7 28. Bf6 Be7 29. Bxe7 Rxe7 30. Nf3 Qc5 31. Nd4 Rde8 32. Bh3 Qd6 33. Qe5 Qb4+ 34. Kf2 Nd7 35. Qe3 Nc5 36. Rb1 Qc3 37. Qxc3 Ne4+ 38. Ke3 Nxc3 39. Ra1 Kb8 40. Ra3 e5 41. Rxc3 exd4+ 42. Kxd4 Re2 43. Rb1 Kc7 44. Ra3 a6 45. Bg4 Rxh2 46. Bf3 Rxc2 47. Rxb7+ Kxb7 48. Bxd5+ Kb6 49. Be4 Rd8+ 50. Ke3 Rc1 51. Kf3 Kb5 52. f5 c3 53. Kf4 a5 54. f6 Kb4 55. Ra2 Rf1+ 56. Ke5 Re8+ 57. Kd4 Rxf6 0-1